000 00356nam a2200157Ia 4500
001 495
003 Ost
005 20260507154558.0
008 251113s9999||||xx |||||||||||||| ||eng||
040 _cnitttr
041 _aeng
082 _a620.1
_bL579M
100 _aLevinson, Irving J.
245 0 _aMechanics of materials /
_cLevinson, Irving J.
942 _cBK
999 _c392
_d392